00781nam a2200217Ia 4500003000900000008004100009020001800050040001600068080001500084100002400099245011100123250001200234260004300246300001600289490004400305650002400349650003100373942000700404999001700411952013500428IN-BaIIA211028s9999 xx 000 0 eng d a81-85931-30-5 cIIA Library a519.6bANT aAntia, H. M.917539 0aNumerical methods for scientists and engineerscH. M. Antia  a2nd ed. aNew DelhibHindustan Book Agencyc2002 axxii, 842p. aTexts and readings in physical sciences aInterpolation94325 aLinear algebraic equations cBK c16284d16284 00102ddc4070aBANbKODcGENd2006-11-13eANJ g900.00l0o519.6/ ANTp17206r2021-11-05v900.00w2006-11-13yBKGRs. 900.00